Právní a daňové aspekty e-obchodu
Enregistré dans:
| Format: | Livre |
|---|---|
| Langue: | tchèque |
| Publié: |
Praha
LINDE
2001
|
| Sujets: | |
| Tags: |
Pas de tags, Soyez le premier à ajouter un tag!
|
MARC
| LEADER | 00000nam$a2200000$$$4500 | ||
|---|---|---|---|
| 001 | 0022390 | ||
| 005 | 20240104133036.2 | ||
| 020 | |a 80-7201-311-4 | ||
| 041 | 0 | |a cze | |
| 044 | |a CZ | ||
| 245 | 1 | 0 | |a Právní a daňové aspekty e-obchodu |
| 264 | 1 | |a Praha |b LINDE |c 2001 | |
| 300 | |a 461 s. | ||
| 610 | 2 | 0 | |a obchod elektronický |
| 610 | 2 | 0 | |a internet |
| 610 | 2 | 0 | |a siete počítačové |
| 610 | 2 | 0 | |a predpisy právne |
| 610 | 2 | 0 | |a právo obchodné |
| 610 | 2 | 0 | |a zmluvy |
| 610 | 2 | 0 | |a normy právne |
| 610 | 2 | 0 | |a reklama |
| 610 | 2 | 0 | |a podpis elektronický |
| 610 | 2 | 0 | |a súťaž hospodárska |
| 610 | 2 | 0 | |a ochrana spotrebiteľa |
| 610 | 2 | 0 | |a osobnosť |
| 610 | 2 | 0 | |a právo medzinárodné |
| 610 | 2 | 0 | |a právo autorské |
| 610 | 2 | 0 | |a právo trestné |
| 610 | 2 | 0 | |a dane |
| 610 | 2 | 0 | |a porovnanie medzinárodné |
| 610 | 2 | 0 | |a Česko |